000 00309nam a22001337a 4500
003 SGT
082 _a611
_bA16N
100 _aNAIKE, DINESH BALKRISHNA
245 _aAYURVEDIYA RACHNA SHARIRA VIGYAN
260 _aNEW DELHI
_bCHAUKHAMBHA PUB
_c2016
300 _a594
650 _aAYURVEDA
942 _2ddc
_cBK
_049
999 _c11356
_d11356